000 00820cam a22002292 4500
001 0000018893
005 20151217145908.0
008 100811s xx 000 0 eng d
020 _a0749451580 :
040 _aKABU
_cKABU
100 1 _aSherrard, Harry.
_@0000178348
245 1 0 _aHuman resources disputes & resolutions :
_bmanager's guide to employment headaches & the law /
_cHarry Sherrard.
250 _a1st ed.
260 _aLondon :
_bKoganPage,
_c2007.
300 _axi, 196 p.
650 0 _alabou laws & legislation
_zGreat Britain.
_@0000178349
650 0 _aPersonnel management
_zGreat Britain.
_@0000178350
852 1 _9p1770 KES
852 1 _9p1770 KES
908 _a100811
950 _@1
999 _c3824
_d3824